000 00486nam a2200205Ia 4500
003 OSt
005 20221005120244.0
006 a|||||r|||| 00| 0
007 ta
008 221004b |||||||| |||| 00| 0 eng d
024 _a73477
037 _cTextual
040 _aCRL
_cCRL
_beng
041 _2eng
_aeng
082 _a502: 2: N63
245 0 _aDigest of indological studies
260 _c1963
942 _h502: 2: N63
_cTEXL
_2cc
999 _c1037419
_d1037419